<?xml version="1.0" encoding="UTF-8"?>
<record
    xmlns:xsi="http://www.w3.org/2001/XMLSchema-instance"
    xsi:schemaLocation="http://www.loc.gov/MARC21/slim http://www.loc.gov/standards/marcxml/schema/MARC21slim.xsd"
    xmlns="http://www.loc.gov/MARC21/slim">

  <leader>01336nam a22001457a 4500</leader>
  <datafield tag="999" ind1=" " ind2=" ">
    <subfield code="c">524877</subfield>
    <subfield code="d">524877</subfield>
  </datafield>
  <controlfield tag="008">240124b           ||||| |||| 00| 0 eng d</controlfield>
  <datafield tag="100" ind1=" " ind2=" ">
    <subfield code="a">Kumar, Sachin</subfield>
    <subfield code="9">48258</subfield>
  </datafield>
  <datafield tag="245" ind1=" " ind2=" ">
    <subfield code="a">Spatial pattern of crimes in Haryana: A geographical analysis </subfield>
  </datafield>
  <datafield tag="260" ind1=" " ind2=" ">
    <subfield code="a">The Indian Police Journal  </subfield>
  </datafield>
  <datafield tag="300" ind1=" " ind2=" ">
    <subfield code="a">69(2), Apr-Jun, 2022: p.106-120</subfield>
  </datafield>
  <datafield tag="520" ind1=" " ind2=" ">
    <subfield code="a">Crime is an unpredictable occurrence that causes social harm. In India, Crime is a major source of concern for the authorities. The crime rate is rising in Haryana as the population grows, and different social, economic, and political changes in community in a variety of ways. As a result, crime analysis is critical for gaining a better knowledge of the elements that influence crime in both positive and bad ways. This study used Z-score and composite index to examine the crimes incidences across districts so that it can assist police authorities in more effectively preventing crime. The information on the crimes was gathered from the National Crime Record Bureau&#x2019;s website (NCRB). These findings aid in the discovery of fresh information that may be used to improve crime prevention tactics. &#x2013; Reproduced 

https://bprd.nic.in/WriteReadData/userfiles/file/202309260501129197672April-June,2022(F).pdf
</subfield>
  </datafield>
  <datafield tag="773" ind1=" " ind2=" ">
    <subfield code="a">The Indian Police Journal  </subfield>
  </datafield>
  <datafield tag="906" ind1=" " ind2=" ">
    <subfield code="a">CRIMES</subfield>
  </datafield>
  <datafield tag="942" ind1=" " ind2=" ">
    <subfield code="c">AR</subfield>
  </datafield>
  <datafield tag="952" ind1=" " ind2=" ">
    <subfield code="0">0</subfield>
    <subfield code="1">0</subfield>
    <subfield code="2">ddc</subfield>
    <subfield code="4">0</subfield>
    <subfield code="7">0</subfield>
    <subfield code="9">399923</subfield>
    <subfield code="a">IIPA</subfield>
    <subfield code="b">IIPA</subfield>
    <subfield code="d">2024-01-24</subfield>
    <subfield code="h">69(2), Apr-Jun, 2022: p.106-120</subfield>
    <subfield code="p">AR130683</subfield>
    <subfield code="r">2024-01-24</subfield>
    <subfield code="y">AR</subfield>
  </datafield>
</record>
